Vie de Michel-Ange /

Uloženo v:
Podrobná bibliografie
Hlavní autor: Rolland, Romain (Autor)
Médium: Kniha
Jazyk:francouzština
Vydáno: Paris : Hachette, stampa 1926
Vydání:10. edition
Edice:Vie des hommes illustres
Témata:
Tagy: Přidat tag
Žádné tagy, Buďte první, kdo vytvoří štítek k tomuto záznamu!

MARC

LEADER 00000nam a22000007i 4500
001 IT\ICCU\MIL\0519989
003 ItRI
005 20250829095205.0
008 010918s1926 fr |||||| ||||| |||||c
040 |b ita  |c ct 
041 7 |a fre  |2 ISO-639-2 
082 |a 709.2  |2 21 
100 1 |a Rolland, Romain  |0 IT\ICCU\CFIV\047706  |4 aut 
245 1 0 |a Vie de Michel-Ange /  |c Romain Rolland. 
250 |a 10. edition 
260 |a Paris :  |b Hachette,  |c stampa 1926 
300 |a 210 p., \1! c. di tav. :  |b ritr. ;  |c 19 cm. 
650 7 |a Buonarroti, Michelangelo <1475-1564>  |x Biografia  |2 scbi 
830 0 |a Vie des hommes illustres  |0 IT\ICCU\CSA\0032475 
942 |2 ddc  |c BK 
952 |0 0  |1 0  |2 ddc  |4 0  |6 B_LNR01ROLROVIE11  |7 1  |9 8675  |a MI  |b MI  |d 1987-10-23  |i 654  |l 0  |o B-LNR01-ROLRO-VIE11  |p CDOM654  |r 2025-07-17 21:50:00  |w 2025-07-17  |x ACQUISTO  |y BK 
981 1 |6 z01  |a i   |b xxxe  
982 1 |6 z01  |a n 
999 |c 7215  |d 7215